000 00427cam a22001337a 4500
008 180718b1993 xxu||||| |||| 00| 0 eng d
082 _aB3x73 P961
100 _aRoberts, Nancy C.
245 _aLimitation of strategic action in bureaus
260 _aSan Francisco
_bJossey-Bass
_c1993
300 _ap.153-172
500 _a[In] Public management: the state of the art, edited by Barry Bozeman
650 _aPublic Administration
999 _c376083
_d376083